Có Bác trong tim: Hồi ức của nhiều tác giả Hồi ức

Gardado en:
Detalles Bibliográficos
Formato: Libro
Idioma:Undetermined
Publicado: Hà Nội QĐND 2001
Những chủ đề:
Các nhãn: Engadir etiqueta
Sen Etiquetas, Sexa o primeiro en etiquetar este rexistro!
Thư viện lưu trữ: Trung tâm Học liệu Trường Đại học Cần Thơ
LEADER 00492nam a2200157Ia 4500
001 CTU_41979
008 210402s9999 xx 000 0 und d
082 |a 324.2597075 
082 |b H450b 
245 0 |a Có Bác trong tim: Hồi ức của nhiều tác giả 
245 0 |b Hồi ức 
260 |a Hà Nội 
260 |b QĐND 
260 |c 2001 
650 |a communists - vietnam - biography,ho chi minh - biography 
980 |a Trung tâm Học liệu Trường Đại học Cần Thơ